000 00613nam a2200205 4500
001 1855
003 OCoLC
005 20181127164114.0
008 871110s1988 nju 001 0 eng
010 _a87-29294
020 _a0132241064
100 1 _aDoti, James L.,
_d1946-
245 1 0 _aEconometric analysis :
_ban applications approach /
_cJames L. Doti, Esmael Adibi.
260 _aEnglewood Cliffs, N.J. :
_bPrentice-Hall,
_cc1988.
300 _axv, 476 p. ;
_c24 cm. +
_edisk.
500 _aIncludes index.
630 0 0 _aMicroTSP.
650 0 _aEconometrics
_xComputer programs.
700 1 0 _aAdibi, Esmael,
_d1952-
999 _c1419
_d1419